Biggest Cities in the Overseas Territories of Oceania - Statistics

General Stats
  • This quiz has been taken 3 times
  • The average score is 8 of 14
Answer Stats
Territory City % Correct
Pitcairn Islands Adamstown
100%
Norfolk Island Kingston
100%
New Caledonia Noumea
100%
American Samoa Pago Pago
100%
Niue Alofi
50%
Tokelau Atafu
50%
Cook Islands Avarua
50%
Guam Dededo
50%
French Polynesia Faa’a
50%
Christmas Island Flying Fish Cove
50%
Northern Mariana Islands Saipan
50%
Coral Sea Islands Willis Island
50%
Cocos (Keeling) Islands Bantam Village
0%
Wallis and Futuna Mats-Utu
0%
No matching quizzes found
Score Distribution
Percent of People with Each Score
Percentile by Number Answered
Your Score History
You have not taken this quiz